|
|
|
|
| LEADER |
00000nas a2200000 i 4500 |
| 001 |
ssj0001078587 |
| 003 |
WaSeSS |
| 005 |
20200512172242.0 |
| 006 |
m d |
| 007 |
cr n |
| 008 |
140110u20uuuuuurm q| p|s|||||| |0eng d |
| 035 |
|
|
|a (WaSeSS)ssj0001078587
|
| 040 |
|
|
|a WaSeSS
|b eng
|c WaSeSS
|d WaSeSS
|
| 050 |
1 |
4 |
|a LB1049.9
|
| 245 |
0 |
0 |
|a Thinking classroom
|h [electronic resource].
|
| 260 |
|
|
|a Cluj-Napoca, Romania :
|b Reading and Writing for Critical Thinking
|
| 310 |
|
|
|a Quarterly
|
| 506 |
|
|
|a License restrictions may limit access.
|
| 588 |
|
|
|a Description based on: Volume 5 (4) (October 2004); title from title screen (ProQuest, viewed Jan. 10, 2014).
|
| 588 |
|
|
|a Latest issue consulted: Volume 8 (2) (April 2007) (viewed Jan. 10, 2014).
|
| 650 |
|
0 |
|a Reading
|v Periodicals.
|
| 650 |
|
0 |
|a Literacy
|v Periodicals.
|
| 655 |
|
0 |
|a Electronic journals.
|
| 776 |
0 |
8 |
|i Print version:
|t Thinking classroom
|x 1392-947X
|
| 856 |
4 |
0 |
|z Full text available from Research Library: 10/01/2004 to 04/30/2007
|u https://search.proquest.com/publication/26303
|